| 000 | 00857nam a22002057a 4500 | ||
|---|---|---|---|
| 005 | 20240404145629.0 | ||
| 010 | _aHIN-127264 | ||
| 020 |
_a9789352619641 _c150.00 |
||
| 035 | _aHN-99610 | ||
| 037 | _bDBAD/PUB. | ||
| 082 | _a158.1 | ||
| 100 |
_aमर्फी,जोसेफ _964306 |
||
| 245 |
_aपावर ऑफ़ योर सबकॉन्शियस माइंड/ _cजोसेफ मर्फी |
||
| 250 | _a1 | ||
| 260 |
_aनई दिल्ली _bडायमंड पॉकेट बुक्स प्रा. लि _c2021 |
||
| 270 |
_aX-30 ओखला इंडस्ट्रियल एरिया फेज –II _bनई दिल्ली _e110020 |
||
| 300 |
_a238पृ; _c22 सेमी (अजिल्द) |
||
| 700 | _963915 | ||
| 942 |
_adpl _cHN _2ddc _h158.1 _mमर्फीजो |
||
| 999 |
_c201930 _d201930 |
||